| 000 | 00577nam a2200241 a 4500 | ||
|---|---|---|---|
| 001 | nice12345678 | ||
| 003 | IN_TiNIC | ||
| 005 | 20260116011400.0 | ||
| 008 | 050524s1966 kaja grp 000 0 urd | ||
| 020 |
_a _c6.25 |
||
| 082 | 0 | 0 |
_a297.24 _bHAI |
| 100 | _aHaider S Ali, | ||
| 245 | _aTareekh-I-Aimma | ||
| 260 |
_aKajwah(bihar) _bMatba Islah _c1966 |
||
| 300 | _a384p | ||
| 500 | _aincludes index and biblioraphy | ||
| 505 | 2 | _aNoor Aur Sachai | |
| 650 | _aProphets in the Quran | ||
| 700 | 1 | _aHaider S Ali, | |
| 902 | _bSRS | ||
| 942 | _cBK | ||
| 999 |
_c1045 _d1045 |
||